LEADER 01126nam--2200361---450- 001 990002118590203316 005 20090217175337.0 035 $a000211859 035 $aUSA01000211859 035 $a(ALEPH)000211859USA01 035 $a000211859 100 $a20041028d1953----km-y0itay0103----ba 101 $aita 102 $aIT 105 $a||||||||001yy 200 1 $aBilancia dei pagamenti e prezzi interni$fFausto Clementi 210 $aMilano$cGiuffré$d1953 215 $aVII, 90 p.$d21 cm 225 2 $aIstituto di Economia e Finanza$fFacoltà di Giurisprudenza di Roma 410 0$12001$aIstituto di Economia e Finanza$fFacoltà di Giurisprudenza di Roma 454 1$12001 461 1$1001-------$12001 676 $a382.17 700 1$aCLEMENTI,$bFausto$0103267 801 0$aIT$bsalbc$gISBD 912 $a990002118590203316 951 $a382.17 CLE 1 (IEP III 269)$b1618 G$cIEP II$d00198578 959 $aBK 969 $aECO 979 $aSIAV1$b10$c20041028$lUSA01$h0936 979 $aRSIAV3$b90$c20090217$lUSA01$h1753 996 $aBilancia dei pagamenti e prezzi interni$9641125 997 $aUNISA LEADER 04184nam 22006495 450 001 9910300482403321 005 20251116195421.0 010 $a9783319722306 010 $a3319722301 024 7 $a10.1007/978-3-319-72230-6 035 $a(CKB)4100000002892179 035 $a(MiAaPQ)EBC5347277 035 $a(DE-He213)978-3-319-72230-6 035 $a(PPN)259471372 035 $a(Perlego)3492273 035 $a(EXLCZ)994100000002892179 100 $a20180305d2018 u| 0 101 0 $aeng 135 $aurcnu|||||||| 181 $ctxt$2rdacontent 182 $cc$2rdamedia 183 $acr$2rdacarrier 200 10$aDoing Qualitative Research in Politics $eIntegrating Theory Building and Policy Relevance /$fedited by Angela Kachuyevski, Lisa M. Samuel 205 $a1st ed. 2018. 210 1$aCham :$cSpringer International Publishing :$cImprint: Palgrave Macmillan,$d2018. 215 $a1 online resource (239 pages) 311 08$a9783319722290 311 08$a3319722298 327 $a1. Doing Qualitative Research in Politics: Building Theory and Formulating Policy -- 2. Case-Driven Theory-Building in Comparative Democratization: The Heuristics of Venezuela's "Democratic Purgatory" -- 3. The Return of the Qualitative Case Study: The Impact of the Presidency and Congress on US Policy toward North Korea -- 4. Ethnic Conflict Management in Eastern Europe: Structured, Focused Comparison and the Case for Multidimensional Prevention -- 5. Combating modeling "at the expense of relevance": Moving the Study of Political Behavior past Large-N Survey Analysis in American Politics -- 6. Framing Infectious Diseases: Effective Policy Implementation and U.S. Public Opinion -- 7. Searching for Justice in International Trade Negotiations: A Feminist-Informed Multi-Sited Ethnographic Study of the Commonwealth Caribbean -- 8. Negotiating Local Cultural Space in a Global World: Joint Efforts at Meaning-Making and the Reconfiguration of Normative Womanhood in India -- 9. Policy Embodied: HIV, Sex Work, and Everyday Risks in the Slums of Kampala. 330 $aThis volume offers unique perspectives on how to engage in methods of inquiry in Political Science. Applying the debate in the field over the validity of qualitative methods, the authors illustrate how various methodological approaches are both rigorous and empirically rich. Each of the chapters consists of a particular methodological approach that offers useful insight into pressing political problems important for policy and for theory building. Drawing upon both positivist and interpretive approaches, the chapters illustrate how to engage in qualitative research involving case studies, content analysis and ethnography, each outlining the "doing" part of research. The volume is theoretically, thematically and geographically diverse, important for students and scholars across the field.  Angela Kachuyevski is Associate Professor of Political Science at Arcadia University, USA. Lisa M. Samuel is Academic Director and Clinical Assistant Professor at New York University's School of Professional Studies Division of Applied Undergraduate Studies, USA. 606 $aInternational relations 606 $aSociology$xMethodology 606 $aPolitical planning 606 $aKnowledge, Theory of 606 $aEthnology 606 $aInternational Relations Theory 606 $aSociological Methods 606 $aPublic Policy 606 $aEpistemology 606 $aEthnography 615 0$aInternational relations. 615 0$aSociology$xMethodology. 615 0$aPolitical planning. 615 0$aKnowledge, Theory of. 615 0$aEthnology. 615 14$aInternational Relations Theory. 615 24$aSociological Methods. 615 24$aPublic Policy. 615 24$aEpistemology. 615 24$aEthnography. 676 $a320.072 702 $aKachuyevski$b Angela$4edt$4http://id.loc.gov/vocabulary/relators/edt 702 $aSamuel$b Lisa M.$4edt$4http://id.loc.gov/vocabulary/relators/edt 906 $aBOOK 912 $a9910300482403321 996 $aDoing Qualitative Research in Politics$92174477 997 $aUNINA LEADER 00838nam0 2200277 i 450 001 996634572403316 005 20241217153017.0 010 $a978-88-917-8829-0 100 $a20230426d2022----||||0itac50 ba 101 $aita 102 $aIT 200 1 $aFattori meridiani$egruppi di acquisto solidale e rappresentazioni del consumo e della ruralità$fFrancesca Ursula Bitetto 210 1 $aMilano$cAngeli$d2022 215 $a106 p.$d23 cm 225 2 $aSociologia$v804 410 0$aSociologia$v804 606 0 $aGruppi di acquisto solidale$yPuglia$2BNCF 676 $a381.32 700 1$aBITETTO,$bFrancesca Ursula$0320994 801 0$aIT$bcba$bcba$gREICAT 912 $a996634572403316 951 $aII.5. 9075$b290427 l.m.$cII.5.$d563611 959 $aBK 969 $aUMA 996 $aFattori meridiani$94309091 997 $aUNISA